| 000 | 00727nam a2200241Ia 4500 | ||
|---|---|---|---|
| 003 | OSt | ||
| 005 | 20220926042000.0 | ||
| 006 | a|||||r|||| 00| 0 | ||
| 007 | ta | ||
| 008 | 220923b |||||||| |||| 00| 0 eng d | ||
| 037 | _cGeneral Book | ||
| 040 |
_aRTL _cRTL _beng |
||
| 041 |
_2eng _aeng |
||
| 082 | _aX9(M71).2.N5, J8/GD | ||
| 110 |
_aIndia Textile Enquiry Committee _9345678 |
||
| 245 | 0 | _aReport of the Textile enquiry committee | |
| 260 | _c1958 | ||
| 490 | _aIndia, Textile Enquiry (Committee) (1958) (Chairman: D S Joshi) | ||
| 650 |
_aIndian textile _9345679 |
||
| 700 |
_aIndia Textile Enquiry Committee _9345680 |
||
| 942 |
_hX9(M71).2.N5, J8/GD _cGB _2CC |
||
| 999 |
_c668568 _d668568 |
||